| 000 | 00976cam a2200289 4500 | ||
|---|---|---|---|
| 001 | 1796229 | ||
| 003 | ARRUPE | ||
| 005 | 20221117144526.0 | ||
| 008 | 710930s1971 nyu b 000 0 eng | ||
| 010 | _a 78163649 | ||
| 028 | _bArrupe | ||
| 040 |
_aDLC _cDLC _dDLC |
||
| 050 | 0 | 0 |
_aBT102 _b.G594 |
| 082 | 0 | 0 | _a211 |
| 245 | 0 | 4 |
_aThe God experience: essays in hope. _cEdited by Joseph P. Whelan. |
| 260 |
_aNew York, _bNewman Press _c[1971] |
||
| 300 |
_avi, 263 p. _c23 cm. |
||
| 350 | _a$4.95 | ||
| 440 | 4 |
_aThe Cardinal Bea lectures, _vv. 2 _951868 |
|
| 500 | _aSeries of lectures delivered during the years 1968-70, in the Cardinal Bea Institute of Spirituality, Woodstock College, New York. | ||
| 504 | _aIncludes bibliographical references. | ||
| 650 | 0 | _aGod (Christianity) | |
| 650 | 0 |
_aHope _xReligious aspects _xChristianity. |
|
| 700 | 1 |
_aWhelan, Joseph P., _eed. _951869 |
|
| 906 |
_a7 _bcbc _corignew _d2 _encip _f19 _gy-gencatlg |
||
| 942 |
_2lcc _cMONOGRAPH |
||
| 999 |
_c131538 _d131538 |
||